Central Library OPAC University of Rajshahi
Normal view MARC view

Entry Personal Name

Number of records used in: 2

001 - CONTROL NUMBER

  • control field: 17281

003 - CONTROL NUMBER IDENTIFIER

  • control field: BD-RjUL

005 - DATE AND TIME OF LATEST TRANSACTION

  • control field: 20251103124155.0

008 - FIXED-LENGTH DATA ELEMENTS

  • fixed length control field: 251103|| aca||aabn | a|a d

040 ## - CATALOGING SOURCE

  • Original cataloging agency: BD-RjUL
  • Transcribing agency: BD-RjUL

100 ## - HEADING--PERSONAL NAME

  • Personal name: Lear,
  • Titles and other words associated with a name: King of England (Legendary character)
  • General subdivision: In literature

670 ## - SOURCE DATA FOUND

  • Source citation: Work cat.: (BD-RjUL)85913: Brooke, Nicholas. 17280, Shakespeare :, c1963, [1964,1967]